000 00337 a2200157 4500
001 153091
040 _cEscola São Tomás de Aquino
100 _aAZEVEDO, Guila
240 1 0 _aAdolescência
_lpor
245 1 0 _aAdolescência
300 _a71
362 0 _a2003
440 1 _aScipione
697 _a*LITERATURA JUVENIL
942 _cBK
999 _c153091
_d153091